000 00543nam a2200169 i 4500
001 62265
003 ES-MaACL
005 20250907063045.0
007 t|
008 031119s1944 cu ||||1| spa d
100 1 _aFeijóo, Samuel,
_d1914-1992
_949109
245 1 0 _a[Libro de apuntes]
_b: con el apéndice cuadernos de poeta joven : (1931-44) /
_cSamuel Feijoo.
260 _a[La Habana :
_bs.n.,
_c1944] (
_fImp. de la Universidad de La Habana)
300 _a1 v. ;
_c23 cm.
852 _aES-MaACL
_jP-171
999 _c62265
_d62265